|
|
|
|
| LEADER |
00000nam a2200000 a 4500 |
| 001 |
vtls010579134 |
| 003 |
SK-MaSNL |
| 005 |
20260301174745.0 |
| 008 |
160429s2013 xo e 000 0 slo |
| 015 |
|
|
|a SNBA2014/03
|
| 020 |
|
|
|a (viaz.)
|
| 035 |
|
|
|a F1E490E1-C2EC-44C4-8DB7-638CEDD12692
|
| 035 |
|
|
|a urn:nbn:sk:snk-amjoh0
|
| 035 |
|
|
|a urn:nbn:sk:snk-am001wq3
|
| 040 |
|
|
|a SNK
|b slo
|c SNK
|e AACR2
|
| 041 |
0 |
|
|a slo
|
| 044 |
|
|
|a xo
|c SK
|
| 072 |
|
7 |
|a 133
|x Ezoterizmus. Okultizmus
|2 konspekt
|
| 080 |
|
|
|a 13
|2 2001
|
| 080 |
|
|
|a 133.2
|2 2001
|
| 080 |
|
|
|a 177.6
|2 2001
|
| 080 |
|
|
|a 2-423.79
|2 2001
|
| 080 |
|
|
|a (035)
|2 2001
|
| 245 |
0 |
0 |
|a Dúhové srdce
|b "cez lásku sa vynoríš do raja!"
|c [channeling: Lea Zimanová]
|
| 250 |
|
|
|a 1. vyd.
|
| 260 |
|
|
|a Lubina-Podkozince
|b Duchovné centrum RIME DZONG
|c 2013
|
| 300 |
|
|
|a 88 s.
|c 16 cm
|
| 500 |
|
|
|a Na obale pod názvom: Hilarion, Archanjel Rafael a ďalší duchovní majstri
|
| 650 |
0 |
7 |
|a duchovný život
|2 SNKPH
|9 1807
|
| 650 |
0 |
7 |
|a duchovná cesta
|2 SNKPH
|9 67470
|
| 650 |
0 |
7 |
|a láska
|2 SNKPH
|9 4351
|
| 650 |
0 |
7 |
|a Spiritual life
|2 SNKPHeng
|9 265583
|
| 650 |
0 |
7 |
|a Spiritual path
|2 SNKPHeng
|9 276105
|
| 650 |
0 |
7 |
|a Love
|2 SNKPHeng
|9 300221
|
| 655 |
|
7 |
|a príručky
|2 SNKPH
|9 74364
|
| 655 |
|
7 |
|a Handbooks, manuals, etc.
|2 SNKPHeng
|9 90964
|
| 700 |
1 |
|
|a Zimanová, Lea
|4 oth
|9 424105
|
| 999 |
|
|
|c 840549
|d 842479
|
| 952 |
|
|
|a SNK
|b SNK
|y PREZ
|7 0
|p 17A1105916
|o snkSD 82956
|i snk2014/5655
|8 0
|0 0
|1 0
|4 0
|d 2014-02-27
|l 0
|r 2025-12-04 00:00:00
|w 2026-02-24
|
| 952 |
|
|
|a SNK
|b SNK
|y VYP
|7 0
|p 17A1105918
|o snkSD 82956 D1
|i snk2014/5656
|8 0
|0 0
|1 0
|4 0
|d 2014-02-27
|f 1
|l 0
|r 2017-06-30 00:00:00
|w 2026-02-24
|